Szczegóły MARC21

Der Talisman : Posse mit Gesang in drei Akten /

003 -Nazwa inst., której nr kontr. jest w polu 001 [,]
    • @
    • Nazwa instytucji, której n kontrolny jest w polu 001
    • NUKAT
005 -DATA I CZAS OSTATNIEJ MODYFIKACJI [,]
    • @
    • pole kontrolne
    • 20241231105508.0
020 -Międzynarod. znormalizowany nr książki - ISBN [ , ]
    • a
    • Numer ISBN
    • 3150033748 Find
040 -Instytucja sporządzająca opis [ , ]
    • a
    • Instytucja, która sporządziła opis (NP)
    • SZCZ U/AB
    • b
    • Język katalogowania
    • pol
    • e
    • Zasady katalogowania
    • rda
    • c
    • Instytucja, która sporządziła rekord (NP)
    • SZCZ U/ABs
942 -Rodzaj dokumentu [ , ]
    • c
    • Rodzaj dokumentu
    • Książka
100 -Hasło główne - nazwa osobowa [1, ]
    • a
    • Nazwa osobowa (NP)
    • Nestroy, Johann
    • d
    • Daty biograficzne (NP)
    • (1801-1862).
    • e
    • Rodzaj współpracy
    • Autor
    • 9
    • KHW
    • 245802
240 -Tytuł ujednolicony [1,0]
    • a
    • Tytuł ujednolicony
    • Talisman
    • l
    • Język tekstu
    • (niem. ;
    • k
    • Sformalizowane określenie
    • libretto)
    • 9
    • KHW
    • 602527
245 -Strefa tytułu i oznaczenia odpowiedzialności [1,4]
    • a
    • Tytuł
    • Der Talisman : Find
    • b
    • Ciąg dalszy tytułu (NP)
    • Posse mit Gesang in drei Akten / Find
    • c
    • Pozostałe elementy strefy tytułu i oznaczenia odpowiedzialności (NP)
    • Johann Nestroy ; Musik von Adolf Müller ; Anmerkungen von Jürgen Hein ; Nachwort von Otto Rommel.
260 -Strefa adresu wydawniczego [ , ]
    • a
    • Miejsce wydania (P)
    • Stuttgart :
    • b
    • Nazwa wydawcy (P)
    • Philipp Reclam jun.,
    • c
    • Data wydania (P)
    • 1993.
300 -Strefa opisu fizycznego [ , ]
    • a
    • Określenie formy książki i/lub objętość (NP)
    • 108 stron ;
    • c
    • Format (NP)
    • 15 cm.
336 -Typ zawartości [ , ]
    • a
    • Termin opisujący typ zawartości
    • Tekst
    • b
    • Kod określający zawartość
    • txt
    • 2
    • Źródło (terminu i kodu)
    • rdacontent
337 -Typ mediów [ , ]
    • a
    • Tryb odtwarzania
    • Bez urządzenia pośredniczącego
    • b
    • Kod typu mediów
    • n
    • 2
    • Źródło (terminu i kodu)
    • rdamedia
338 -Typ/rodzaj nośnika [ , ]
    • a
    • Hasło opisujące typ nośnika
    • Wolumin
    • b
    • Kod typu nośnika
    • nc
    • 2
    • Źródło (terminu i kodu)
    • rdacarrier
380 -Deskryptor - Forma dzieła (P) [ , ]
    • a
    • forma dzieła (NP)
    • Dramat (rodzaj)
490 -Strefa serii i książki wielotomowej - forma nie do wyszukiwania [1, ]
    • a
    • Tytuł (P)
    • Universal-Bibliothek ; Find
    • v
    • Numeracja (P)
    • Nr. 3374
830 -Hasło dodatkowe serii i opisu książki wielotomowej - tytuł ujednolicony/tytuł [ ,0]
    • a
    • Tytuł ujednolicony/tytuł (NP)
    • Reclams Universal-Bibliothek
    • x
    • ISSN
    • 0722-8511
    • v
    • Oznaczenie tomu (NP)
    • Nr. 3374
    • 9
    • KHW
    • 12680
500 -Uwaga ogólna [ , ]
    • a
    • Uwaga ogólna (NP)
    • Dokument zawiera tylko tekst libretta, bez nut.
080 -Uniwersalna Klasyfikacja Dziesiętna [ , ]
    • a
    • Symbol klasyfikacji
    • 830(436)-223=30
655 -Hasło w funkcji tematu formalnego [ ,7]
    • a
    • Hasło
    • Farsy austriackie
    • y
    • Określnik chronologiczny
    • 19 w.
    • 2
    • Źródło terminu
    • kaba
    • 9
    • KHW
    • 602563
655 -Hasło w funkcji tematu formalnego [ ,7]
    • a
    • Hasło
    • Arie operowe
    • v
    • Określnik formy
    • teksty.
    • 2
    • Źródło terminu
    • kaba
    • 9
    • KHW
    • 602564
980 -Symbol UKD [ , ]
    • a
    • UKD
    • 830(436)-223=30
700 -Hasło dodatkowe - nazwa osobowa [1, ]
    • a
    • Nazwa osobowa (NP)
    • Müller, Adolf Find
    • d
    • Daty biograficzne (NP)
    • (1839-1901).
    • e
    • Określenie rodzaju współpracy
    • Kompozytor
    • 9
    • KHW
    • 602525
700 -Hasło dodatkowe - nazwa osobowa [1, ]
    • a
    • Nazwa osobowa (NP)
    • Hein, Jürgen Find
    • d
    • Daty biograficzne (NP)
    • (1942- ).
    • e
    • Określenie rodzaju współpracy
    • Redakcja
    • 9
    • KHW
    • 59794
700 -Hasło dodatkowe - nazwa osobowa [1, ]
    • a
    • Nazwa osobowa (NP)
    • Rommel, Otto Find
    • d
    • Daty biograficzne (NP)
    • (1880-1965).
    • e
    • Określenie rodzaju współpracy
    • Posłowie
    • 9
    • KHW
    • 593043
710 -Hasło dodatkowe - nazwa ciała zbiorowego [2, ]
    • a
    • Nazwa ciała zbiorowego lub nazwa geograficzna jako pierwszy element (NP)
    • Philipp Reclam junior (Stuttgart).
    • e
    • Rodzaj współpracy
    • Wydawca
    • 4
    • Kod relacji
    • pbl
    • 9
    • KHW
    • 51247
920 -ISBN [ , ]
    • a
    • ISBN
    • 3-15-003374-8 Find
Sygnatura Numer inwentarzowy Status udost. Data inwentaryzacji Lokalizacja
Germ. Dramat austriackiG.10608-31995-11-16BM
Germ. Dramat austriackiG.10609-31995-11-16BM
Germ. Dramat austriackiG.10601-31995-11-16BM
Germ. Dramat austriackiG.10602-31995-11-16BM
Germ. Dramat austriackiG.10603-31995-11-16BM
Germ. Dramat austriackiG.10604-31995-11-16BM
Germ. Dramat austriackiG.10605-31995-11-16BM
Germ. Dramat austriackiG.10607-31995-11-16BM
Germ. Dramat austriackiG.10606-31995-11-16BM
Germ. Dramat austriackiG.10610-31995-11-16BM